Les syndicats industriels de producteurs en France et à l'étranger (trusts, cartells, comptoirs)

Enregistré dans:
Détails bibliographiques
Format: Livre
Langue:français
Publié: Paris A. Colin 1901
Tags: Ajouter un tag
Pas de tags, Soyez le premier à ajouter un tag!

MARC

LEADER 00000nam a2200000 4500
001 0307380
005 20250228102706.2
041 0 |a fre 
044 |a FR 
245 1 0 |a Les syndicats industriels de producteurs en France et à l'étranger  |b (trusts, cartells, comptoirs)  |c Paul de Rousiers 
264 1 |a Paris  |b A. Colin  |c 1901